An administrator's handbook of school transportation. (Record no. 22132)
[ view plain ]
| 000 -LEADER | |
|---|---|
| fixed length control field | 00780cam a22002291 4500 |
| 001 - CONTROL NUMBER | |
| control field | e 50000028 |
| 003 - CONTROL NUMBER IDENTIFIER | |
| control field | DLC |
| 005 - DATE AND TIME OF LATEST TRANSACTION | |
| control field | 20260227111234.0 |
| 008 - FIXED-LENGTH DATA ELEMENTS--GENERAL INFORMATION | |
| fixed length control field | 880804s1950 alu 000 0 eng |
| 010 ## - LIBRARY OF CONGRESS CONTROL NUMBER | |
| LC control number | e 50000028 |
| 035 ## - SYSTEM CONTROL NUMBER | |
| System control number | (OCoLC)18309786 |
| 040 ## - CATALOGING SOURCE | |
| Original cataloging agency | DLC |
| Transcribing agency | AU |
| Modifying agency | DLC |
| 042 ## - AUTHENTICATION CODE | |
| Authentication code | premarc |
| 050 00 - LIBRARY OF CONGRESS CALL NUMBER | |
| Classification number | L116 |
| Item number | .B2 1950, no. 4 |
| 100 1# - MAIN ENTRY--PERSONAL NAME | |
| Personal name | Culp, D. P. |
| 245 13 - TITLE STATEMENT | |
| Title | An administrator's handbook of school transportation. |
| 260 ## - PUBLICATION, DISTRIBUTION, ETC. | |
| Place of publication, distribution, etc. | Montgomery, |
| Name of publisher, distributor, etc. | Dept. of Education |
| Date of publication, distribution, etc. | [1950] |
| 300 ## - PHYSICAL DESCRIPTION | |
| Extent | viii, 99 p. |
| Dimensions | 23 cm. |
| 501 ## - WITH NOTE | |
| With note | With: Better school buildings for Alabama / J. W. Letson. Montgomery : Dept. of Education, 1950. Bound together subsequent to publication. |
| Institution to which field applies | DLC |
| 504 ## - BIBLIOGRAPHY, ETC. NOTE | |
| Bibliography, etc. note | Bibliography: p. [89]-99. |
| 650 #0 - SUBJECT ADDED ENTRY--TOPICAL TERM | |
| Topical term or geographic name entry element | School children |
| General subdivision | Transportation |
| Geographic subdivision | Alabama. |
No items available.